Statistics for County Seats Of Texas

Click here to take the quiz!

General Stats

  • This quiz has been taken 21 times
  • The average score is 126 of 254

Answer Stats

CountySeat% Correct
PotterAmarillo
100%
TravisAustin
100%
NuecesCorpus Christi
100%
______Dallas
100%
Val VerdeDel Rio
100%
__ ____El Paso
100%
TarrantFort Worth
100%
HarrisHouston
100%
WebbLaredo
100%
_______Lubbock
100%
BexarSan Antonio
100%
JeffersonBeaumont
89%
BrazosBryan
89%
MontgomeryConroe
89%
______Denton
89%
MaverickEagle Pass
89%
_________Galveston
89%
BlancoJohnson City
89%
_______Midland
89%
___________Nacogdoches
89%
ComalNew Braunfels
89%
EctorOdessa
89%
SmithTyler
89%
______Uvalde
89%
________Victoria
89%
McLennanWaco
89%
TaylorAbilene
78%
BrazoriaAngleton
78%
_______Bastrop
78%
CameronBrownsville
78%
HidalgoEdinburg
78%
GreggLongview
78%
AngelinaLufkin
78%
HarrisonMarshall
78%
LamarParis
78%
ReevesPecos
78%
Tom GreenSan Angelo
78%
HaysSan Marcos
78%
GraysonSherman
78%
WichitaWichita Falls
78%
HowardBig Spring
67%
BurlesonCaldwell
67%
________Comanche
67%
NavarroCorsicana
67%
HoustonCrockett
67%
DallamDalhart
67%
PecosFort Stockton
67%
RobertsonFranklin
67%
GillespieFredericksburg
67%
HillHillsboro
67%
MarionJefferson
67%
KlebergKingsville
67%
PresidioMarfa
67%
CollinMcKinney
67%
______Orange
67%
GuadalupeSeguin
67%
CulbersonVan Horn
67%
EllisWaxahachie
67%
_______Andrews
56%
ArcherArcher City
56%
MatagordaBay City
56%
BellBelton
56%
ReaganBig Lake
56%
RandallCanyon
56%
ArmstrongClaude
56%
_______Coleman
56%
WiseDecatur
56%
MooreDumas
56%
CookeGainesville
56%
CoryellGatesville
56%
WilliamsonGeorgetown
56%
HuntGreenville
56%
RuskHenderson
56%
WalkerHuntsville
56%
KerrKerrville
56%
________Lampasas
56%
_____Llano
56%
CaldwellLockhart
56%
LovingMentone
56%
AndersonPalestine
56%
TerrellSanderson
56%
NolanSweetwater
56%
______Zapata
56%
Jim WellsAlice
44%
BrewsterAlpine
44%
HendersonAthens
44%
_______Bandera
44%
BeeBeeville
44%
KendallBoerne
44%
KinneyBrackettville
44%
McCullochBrady
44%
StephensBreckenridge
44%
WashingtonBrenham
44%
TerryBrownfield
44%
BrownBrownwood
44%
______Burnet
44%
HemphillCanadian
44%
DimmitCarrizo Springs
44%
HartleyChanning
44%
_________Childress
44%
JohnsonCleburne
44%
MitchellColorado City
44%
_____Crane
44%
CrosbyCrosbyton
44%
DeWittCuero
44%
CastroDimmitt
44%
________Eastland
44%
BrooksFalfurrias
44%
WilsonFloresville
44%
FloydFloydada
44%
Jeff DavisFort Davis
44%
Live OakGeorge West
44%
______Goliad
44%
________Gonzales
44%
________Hamilton
44%
SabineHemphill
44%
Deaf SmithHereford
44%
MedinaHondo
44%
JackJacksboro
44%
KimbleJunction
44%
KarnesKarnes City
44%
_______Kaufman
44%
WinklerKermit
44%
_______Liberty
44%
MadisonMadisonville
44%
_____Mason
44%
TitusMount Pleasant
44%
BaileyMuleshoe
44%
BowieNew Boston
44%
CrockettOzona
44%
____ _____Palo Pinto
44%
GrayPampa
44%
CalhounPort Lavaca
44%
UptonRankin
44%
_______Refugio
44%
Fort BendRichmond
44%
StarrRio Grande City
44%
AransasRockport
44%
CherokeeRusk
44%
DuvalSan Diego
44%
___ ____San Saba
44%
San PatricioSinton
44%
SuttonSonora
44%
ErathStephenville
44%
SterlingSterling City
44%
ShermanStratford
44%
HopkinsSulphur Springs
44%
SwisherTulia
44%
OldhamVega
44%
WilbargerVernon
44%
ParkerWeatherford
44%
ShackelfordAlbany
33%
ChambersAnahuac
33%
GrimesAnderson
33%
JonesAnson
33%
StonewallAspermont
33%
CallahanBaird
33%
RunnelsBallinger
33%
AustinBellville
33%
KnoxBenjamin
33%
FanninBonham
33%
MilamCameron
33%
Van ZandtCanton
33%
PanolaCarthage
33%
ShelbyCenter
33%
LeonCenterville
33%
DonleyClarendon
33%
Red RiverClarksville
33%
San JacintoColdspring
33%
ColoradoColumbus
33%
DeltaCooper
33%
La SalleCotulla
33%
FoardCrowell
33%
ZavalaCrystal City
33%
MorrisDaingerfield
33%
_______Dickens
33%
JacksonEdna
33%
SchleicherEldorado
33%
RainsEmory
33%
FreestoneFairfield
33%
ParmerFarwell
33%
BordenGail
33%
GlasscockGarden City
33%
LeeGiddings
33%
UpshurGilmer
33%
SomervellGlen Rose
33%
MillsGoldthwaite
33%
YoungGraham
33%
HoodGranbury
33%
LimestoneGroesbeck
33%
TrinityGroveton
33%
KingGuthrie
33%
LavacaHallettsville
33%
_______Haskell
33%
Jim HoggHebbronville
33%
WallerHempstead
33%
ClayHenrietta
33%
______Jasper
33%
KentJayton
33%
AtascosaJourdanton
33%
HardinKountze
33%
FayetteLa Grange
33%
DawsonLamesa
33%
RealLeakey
33%
HockleyLevelland
33%
CassLinden
33%
________Lipscomb
33%
LambLittlefield
33%
PolkLivingston
33%
FallsMarlin
33%
MotleyMatador
33%
HallMemphis
33%
______Menard
33%
BosqueMeridian
33%
IrionMertzon
33%
RobertsMiami
33%
WardMonahans
33%
________Montague
33%
CochranMorton
33%
FranklinMount Vernon
33%
______Newton
33%
CottlePaducah
33%
ConchoPaint Rock
33%
CarsonPanhandle
33%
FrioPearsall
33%
OchiltreePerryton
33%
CampPittsburg
33%
YoakumPlains
33%
HalePlainview
33%
GarzaPost
33%
HardemanQuanah
33%
WoodQuitman
33%
WillacyRaymondville
33%
CokeRobert Lee
33%
FisherRoby
33%
EdwardsRocksprings
33%
________Rockwall
33%
___ _________San Augustine
33%
KenedySarita
33%
GainesSeminole
33%
BaylorSeymour
33%
HudspethSierra Blanca
33%
BriscoeSilverton
33%
ScurrySnyder
33%
HansfordSpearman
33%
MartinStanton
33%
HutchinsonStinnett
33%
LynnTahoka
33%
____________Throckmorton
33%
McMullenTilden
33%
CollingsworthWellington
33%
_______Wharton
33%
_______Wheeler
33%
TylerWoodville
33%

Score Distribution

Percentile by Number Answered

Percent of People with Each Score

Your Score History

You have not taken this quiz